00609 a2200169 450000500170000000800410001701000140005802000230007203500130009503700180010808200180012610000240014424500850016826000440025327001170029730000250041420080904102318.0080904t xxu||||| |||| 00| 0 eng d aENG-87524 c495.00a8124113585 aEN-71057 bD.B.Act / Pub a303.625095412 aDhar, Maloy Krishna aBlack Thundercby Maly Krishna DharbDark Nights of terrorism in Punjab: a novel aNew DelhibHar Anand Publicationsc2008 aE-49/3, Okhla Induatrial ARea, Phase-IIbNew Delhie110 020k011-41603490,l011-41708607mharanand@redifmail.com a371 p.c22 cm. (Pbk)